Σχήμα Χωρών Κουίζ #2 - Statistics

General Stats
  • This quiz has been taken 33 times
  • The average score is 11 of 16
Answer Stats
Picture Answer % Correct
Καναδάς
100%
Ελλάδα
100%
Χιλή
86%
Ρωσία
82%
Τουρκία
79%
Ισπανία
75%
Αυστρία
75%
Νότια Αφρική
75%
Βιετνάμ
68%
Λιβύη
68%
Ισλανδία
64%
Νέα Ζηλανδία
61%
Φιλιππίνες
61%
Κούβα
61%
Σαουδική Αραβία
50%
Αφγανιστάν
39%
No matching quizzes found
Score Distribution
Percent of People with Each Score
Percentile by Number Answered
Your Score History
You have not taken this quiz